Cultura popular e identidad nacional / (Registro nro. 15438)

Detalles MARC
000 -CABECERA
campo de control de longitud fija 04665nam a2200373 a 4500
001 - NÚMERO DE CONTROL
campo de control 000016945
003 - IDENTIFICADOR DEL NÚMERO DE CONTROL
campo de control DO-SdBPM
005 - FECHA Y HORA DE LA ÚLTIMA TRANSACCIÓN
campo de control 20251014130731.0
007 - CAMPO FIJO DE DESCRIPCIÓN FÍSICA--INFORMACIÓN GENERAL
campo de control de longitud fija ta
008 - DATOS DE LONGITUD FIJA--INFORMACIÓN GENERAL
campo de control de longitud fija 100312s1998 dr ac 000 0 spa d
040 ## - FUENTE DE LA CATALOGACIÓN
Centro catalogador/agencia de origen DO-SdBPM
Lengua de catalogación spa
Centro/agencia transcriptor BPMSU
Centro/agencia modificador rda
082 #4 - NÚMERO DE LA CLASIFICACIÓN DECIMAL DEWEY
Número de clasificación 306.09729
Número de documento/Ítem T266c 1998
Número de edición 22
100 1# - ENTRADA PRINCIPAL--NOMBRE DE PERSONA
Nombre de persona Tejeda Ortíz, Dagoberto,
Fechas asociadas al nombre 1940-
Término indicativo de función/relación autor
245 10 - MENCIÓN DE TÍTULO
Título Cultura popular e identidad nacional /
Mención de responsabilidad, etc. Dagoberto Tejeda Ortiz ; presentación Víctor J. Víctor ; introducción Dagoberto Tejeda Ortíz.
264 ## - PRODUCCIÓN, PUBLICACIÓN, DISTRIBUCIÓN, FABRICACIÓN Y COPYRIGHT
Producción, publicación, distribución, fabricación y copyright Santo Domingo :
Nombre del de productor, editor, distribuidor, fabricante Consejo Presidencial de Cultura, Instituto Dominicano de Folklore,
Fecha de producción, publicación, distribución, fabricación o copyright 1998
300 ## - DESCRIPCIÓN FÍSICA
Extensión volumén :
Otras características físicas ilustración , retrato ;
Dimensiones 21 cm.
336 ## - TIPO DE CONTENIDO
Término de tipo de contenido texto
Código de tipo de contenido txt
Fuente rdacontent
337 ## - TIPO DE MEDIO
Nombre/término del tipo de medio sin mediación
Código del tipo de medio n
Fuente rdamedia
338 ## - TIPO DE SOPORTE
Nombre/término del tipo de soporte volumen
Código del tipo de soporte nc
Fuente rdacarrier
490 0# - MENCIÓN DE SERIE
Mención de serie Ensayos sobre folklore ;
500 ## - NOTA GENERAL
Nota general
504 ## - NOTA DE BIBLIOGRAFÍA, ETC.
Nota de bibliografía, etc. Incluye referencias bibliográficas (v. 2, p. [321]-[328]).
505 0# - NOTA DE CONTENIDO CON FORMATO
Nota de contenido con formato TOMO II Leyendas, creencias e identidad, 1.-- La virgen de las Mercedes fue la Diferencia en El Santo Cerro, 3.-- Las brujas, ¿Mito o Realidad?, 8.-- Las brujas, no son las únicas que vuelan,13.-- Entre el amor de Vanahí y la dulzura de la ciguapa, 18.-- Lluvia y magia en las creencias populares, 23.-- La protección mágica en la cultura popular dominicana, 28.-- Animales, magia, poderes e identidad, 37.-- El Milagroso Santo Cristo de Bayaguana, 42.-- Cuando blanquearon a la Virgen y negrearon a San Juan, 47.-- Bibiana: una diosa bajada del cielo, 52.-- Lo sagrado y lo profano de la navidad, 57.-- Mitología y realidad de los Reyes Magos, 62.-- Rituales de la muerte en el folklore dominicano, 67.-- La muerte y lo imaginario de la creencias populares, 72.-- Esquelas mortuorias e identidad, 78.-- Los vivos y los muertos en el día de los difuntos, 83.-- Símbolos, raíces e identidad, 89.-- Vivienda, imágenes y simbolización, 91.-- Colorido y significado de los Rombos, 95.-- Hierro, arte popular e identidad, 99.-- Lo sagrado y lo profano de la gastronomía dominicana, 103.-- Los negros de Loíza comen la misma arepa que los "Blancos de Baní", 108.-- La muestra de la cultura campesina de Salcedo, 112.-- Modas, raíces e identidad, 116.-- La psicología popular del dominicano, 121.-- Las Historias locales y la historia nacional, 125.-- Fistas patronales e identidad, 130.-- Arte popular, 135.-- Folklore e identidad en la música popular, 137.-- Música popular, creatividad y "fusilamiento", 142.-- Merengue, desprecio e identidad, 148.-- Las Canciones populares de la clase obrera dominicana, 151.-- En Santo Domingo el Son tiene un monumento, 156.-- Cuando el Son se apoderó de Borojol, 163.-- El Son dominicano, según César Namnún, 169.-- Fogaraté, Juan Luis e identidad, 175.-- Jhonny Ventura la Miel de la identidad, 180.-- La leyenda del Mayimbe, 185.-- Kinito Méndez, Luases e identidad, 189.-- El mundo de Alicia Baroni, 194.-- Manuel Jiménez, entre hortensias y amaneceres, 199.-- Víctor Víctor se enamora con balada, son y bachata, 203.-- Joseíto Mateo, cantos y raíces, 207.-- 20 Años después: convite convida, 211.-- Nadal Walcot: El cimarronaje de la Cultura Cocola, 216.-- Con Mateo Morrison, todos aspiramos a la ternura, 221.-- Rebeldía e identidad de Federico Jovine Bermudez, 227.-- José Rodríguez: Regresa de Nuevo a Recoger la Ternura, 232.-- Insistiendo en la definición de la identidad, 237.-- Hispanidad e identidad nacional, 239.-- Halloween, entre brujas, muertos y comerciantes, 244.-- Mito y realidad de la penetración cultural haitiana, 249.-- África en Santo Domingo: La desvergüenza de los intelectuales, 254.-- África en Santo Domingo: De los orígenes a la identidad, 259.-- El lenguaje de las raíces y la expresión de la identidad, 264.-- África en Santo Domingo: El Lenguaje del cuerpo y la comunicación de los gestos, 268.-- Los caracoles de Samaná e identidad, 272.-- Por la ruta de los Cimarrones del Bahoruco, 277.-- Boca de Nigua y la hispanidad, 282.-- Trascendencia de la rebelión de Boca de Nigua, 287.-- Ayuntamiento de Nigua y el día de la africanía, 291.-- La mujer negra y el racismo, 296.—El folklore dominicano como objeto de investigación, 301.-- Fadrique: murió para nacer, 306.--
590 ## - NOTA LOCAL (RLIN)
Nota local Inventariado, 2025/VM
650 #7 - PUNTO DE ACCESO ADICIONAL DE MATERIA--TÉRMINO DE MATERIA
Término de materia o nombre geográfico como elemento de entrada Cultura popular
Fechas vigentes República Dominicana
650 #7 - PUNTO DE ACCESO ADICIONAL DE MATERIA--TÉRMINO DE MATERIA
Término de materia o nombre geográfico como elemento de entrada Sociología
Subdivisión geográfica República Dominicana
650 #7 - PUNTO DE ACCESO ADICIONAL DE MATERIA--TÉRMINO DE MATERIA
Término de materia o nombre geográfico como elemento de entrada Nacionalismo
Subdivisión geográfica República Dominicana
650 #7 - PUNTO DE ACCESO ADICIONAL DE MATERIA--TÉRMINO DE MATERIA
Término de materia o nombre geográfico como elemento de entrada Folklore
Subdivisión geográfica República Dominicana
651 #7 - PUNTO DE ACCESO ADICIONAL DE MATERIA--NOMBRE GEOGRÁFICO
Nombre geográfico República Dominicana
Subdivisión general Vida social y costumbres
651 #7 - PUNTO DE ACCESO ADICIONAL DE MATERIA--NOMBRE GEOGRÁFICO
Nombre geográfico
700 1# - PUNTO DE ACCESO ADICIONAL--NOMBRE DE PERSONA
Nombre de persona Víctor, Víctor J.
910 ## - DATOS DE OPCIÓN DEL USUARIO (OCLC)
Datos de opción del usuario VMateo V. Control de calidad. BPMSU
942 ## - ELEMENTOS DE PUNTO DE ACCESO ADICIONAL (KOHA)
Fuente del sistema de clasificación o colocación Dewey Decimal Classification
Tipo de ítem Koha Libros
Existencias
Estado de retiro Estado de pérdida Fuente del sistema de clasificación o colocación No para préstamo Código de colección Localización permanente Ubicación/localización actual Fecha de adquisición Total de préstamos Signatura topográfica completa Código de barras Fecha visto por última vez Número de copia Precio válido a partir de Tipo de ítem Koha
    Dewey Decimal Classification   Colección Dominicana Biblioteca Pública Metropolitana Salomé Ureña Biblioteca Pública Metropolitana Salomé Ureña 10/14/2025   BPMSU CD 306.097293 T266c 1998 BPMSU25100035 10/14/2025 v.2 10/14/2025 Libros